000 00932nam a2200265 a 4500
001 BRCA_7999
005 20190320210105.0
008 140314t1970----mx-a###f##---#000-0#spa-#
041 _aspa
044 _amx
050 4 _aND253
_b.C32
_c1970
100 1 _aCastelló Yturbide, Teresa
_92444
245 1 0 _aBiombos Mexicanos
_cTeresa Castelló Yturbide y Marita Martìnez del Rìo de Redo ; edición de Jorge Gurrìa Lacroix.
260 _aMéxico
_bINAH
_c1970
300 _a171 p.
_bil. (algunas a color)
_c25 cm.
500 _a3110
500 _aEjemplar igual a 3036 (sin dedicatoria y encuadernado en tapa dura)
504 _aBibliografía p. 169-171
650 1 4 _aBiombos Mexicanos
_vColecciones y coleccionistas
_919857
650 1 4 _aBiombos
_vExposiciones
_zMéxico
_94033
700 1 _aMartìnez del Rìo de Redo, Marita
_ecoaut.
_92571
700 1 _aGurría Lacroix, Jorge
_eed.
_919642
902 _aGFM
942 _2lcc
_cB
999 _c7668
_d7668